000 00444nam a2200181Ia 4500
003 GCL
008 140319s9999 xx 000 0 aRus d
040 _aGCL /
_cGCL
082 0 4 _a861
_bZ D
100 1 _aZORRILLA, JOSE
245 1 0 _aDON JUAN TENORIO /
_cZORRILLA, JOSE
260 _a[S.N] :
_bALIANZA EDITORIAL ،
_c1985
300 _a224P
650 0 4 _aLITERATURE
650 0 4 _aPOEMS
650 0 4 _aSPANISH LITERATURE
942 _2ddc
_cBK
999 _c11249
_d11249